Eastern Utah Libraries Catalog: Duchesne, Heber, Roosevelt, & Vernal

Franklin and his friend / (Record no. 259801)

MARC details
000 -LEADER
fixed length control field 01257nam a2200349Ia 4500
001 - CONTROL NUMBER
control field ocm50242846
003 - CONTROL NUMBER IDENTIFIER
control field OCoLC
005 - DATE AND TIME OF LATEST TRANSACTION
control field 20200320180303.0
008 - FIXED-LENGTH DATA ELEMENTS--GENERAL INFORMATION
fixed length control field 020726s2002 nyua j 000 1 eng d
020 ## - INTERNATIONAL STANDARD BOOK NUMBER
International Standard Book Number 0439338786 (pbk.) :
Terms of availability $4.50
020 ## - INTERNATIONAL STANDARD BOOK NUMBER
Terms of availability 13.49
035 ## - SYSTEM CONTROL NUMBER
System control number ()37332
040 ## - CATALOGING SOURCE
Original cataloging agency OCO
Transcribing agency OCO
Modifying agency WACOL
049 ## - LOCAL HOLDINGS (OCLC)
Holding library WACL
092 ## - LOCALLY ASSIGNED DEWEY CALL NUMBER (OCLC)
Classification number E
Item number Jen
100 1# - MAIN ENTRY--PERSONAL NAME
Personal name Jennings, Sharon.
9 (RLIN) 41692
245 10 - TITLE STATEMENT
Title Franklin and his friend /
Statement of responsibility, etc [TV tie-in adaptation written by Sharon Jennings and illustrated by Mark Koren, Alice Sinkner, and Jelena Sisic ; based on the "Franklin" books by Paulette Bourgeois and Brenda Clark].
260 ## - PUBLICATION, DISTRIBUTION, ETC. (IMPRINT)
Place of publication, distribution, etc New York :
Name of publisher, distributor, etc Scholastic Inc.,
Date of publication, distribution, etc c2002.
300 ## - PHYSICAL DESCRIPTION
Extent 1 v. (unpaged) :
Other physical details col. ill. ;
Dimensions 23 cm.
440 #0 - SERIES STATEMENT/ADDED ENTRY--TITLE
Title Franklin TV storybook
9 (RLIN) 50200
521 ## - TARGET AUDIENCE NOTE
Target audience note Juvenile
Source Penworthy
700 1# - ADDED ENTRY--PERSONAL NAME
Personal name Bourgeois, Paulette.
9 (RLIN) 29304
700 1# - ADDED ENTRY--PERSONAL NAME
Personal name Clark, Brenda.
9 (RLIN) 29305
700 1# - ADDED ENTRY--PERSONAL NAME
Personal name Koren, Mark.
9 (RLIN) 51433
700 1# - ADDED ENTRY--PERSONAL NAME
Personal name Sinkner, Alice.
9 (RLIN) 5826054
700 1# - ADDED ENTRY--PERSONAL NAME
Personal name Sisic, Jelena.
9 (RLIN) 51434
730 0# - ADDED ENTRY--UNIFORM TITLE
Uniform title Franklin (Television program)
9 (RLIN) 5698962
942 ## - ADDED ENTRY ELEMENTS (KOHA)
Koha item type BOOK
948 ## - LOCAL PROCESSING INFORMATION (OCLC); SERIES PART DESIGNATOR (RLIN)
Series part designator, SPT (RLIN) 05/11/2004
z (OCLC) Sirsi
994 ## -
-- 02
-- WACOL
996 ## -
-- 37332
-- 34301000397192
-- E
-- BK
-- WCL
-- i
-- 50
-- 13.49
-- Penworthy
-- Jen
-- 12/13/2003
-- 03/29/2011
-- 03/22/2011
Holdings
Withdrawn status Lost status Source of classification or shelving scheme Damaged status Not for loan Collection code Home library Current library Shelving location Date acquired Source of acquisition Cost, normal purchase price Total Checkouts Total Renewals Full call number Barcode Date last seen Date checked out Cost, replacement price Price effective from Koha item type
    Dewey Decimal Classification     Children Picture Books Wasatch County Library Wasatch County Library Main Floor Childrens Area 12/13/2003 Penworthy 13.49 69 16 E Jen 34301000397192 02/23/2026 02/02/2026 13.49 03/20/2020 BOOK
This project was made possible through a grant from the Institute of Museum and Library Service administered by the Utah State Library Division.

Wasatch County Library

  • 465 East 1200 South, Heber City, Utah 84032
  • Phone 435-654-1511 | Fax 435-654-6456

Hours

  • Monday - Friday 9:30 AM - 8:00 PM
  • Saturday 9:30 AM - 1:30 PM
  • Closed Sundays and Holidays